| 000 | 00510nam a2200169 i 4500 | ||
|---|---|---|---|
| 001 | 34990 | ||
| 003 | ES-MaACL | ||
| 005 | 20250612063102.0 | ||
| 007 | t| | ||
| 008 | 030211s1959 sp ||||1| spa d | ||
| 100 | 1 |
_aBorrás, Tomás, _d1891-1976 _930556 |
|
| 245 | 1 | 0 |
_aCirco secreto _b: (cuentos) / _cTomás Borrás. |
| 260 |
_aMadrid : _bCultura Clásica y Moderna, _c[1959] ( _fGráficas Tejario) |
||
| 300 |
_a336 p. ; _c20 cm. |
||
| 852 |
_aES-MaACL _jC-17487 _bR.44913 |
||
| 999 |
_c34990 _d34990 |
||